[Event "Moscow op-B"]
[Site "Moscow"]
[Date "2009.02.08"]
[Round "9"]
[White "Gorshkov, Anatoly"]
[Black "Levashov, Michael"]
[Result "1/2-1/2"]
[WhiteElo "2093"]
[BlackElo "1952"]
[PlyCount "54"]
[EventDate "2009.01.31"]
[EventType "swiss"]
[EventRounds "9"]
[EventCountry "RUS"]
[SourceTitle "EXT 2012"]
[Source "ChessBase"]
[SourceDate "2011.11.24"]
[SourceVersion "1"]
[SourceVersionDate "2011.11.24"]
[SourceQuality "1"]

1. c4 c5 2. Nc3 g6 3. g3 Bg7 4. Bg2 Nc6 5. e3 d6 6. Nge2 e5 7. 0-0 Nge7 8. Nd5 0-0 9. Nec3 Rb8 10. a3 a5 11. Rb1 Be6 12. d3 Kh8 13. Bd2 f5 14. b4 axb4 15. axb4 Bxd5 16. Nxd5 Nxd5 17. Bxd5 Nxb4 18. Bxb4 cxb4 19. Rxb4 b6 20. Rb5 f4 21. Be4 fxe3 22. fxe3 Rxf1+ 23. Qxf1 Qg5 24. Qe2 Bh6 25. Kf2 Qf6+ 26. Kg2 Qg5 27. Kf2 Qf6+ 1/2-1/2

[Event "Moscow op-B"]
[Site "Moscow"]
[Date "2009.02.07"]
[Round "8"]
[White "Levashov, Michael"]
[Black "Grigoriev, Radimir"]
[Result "0-1"]
[WhiteElo "1952"]
[BlackElo "2065"]
[PlyCount "64"]
[EventDate "2009.01.31"]
[EventType "swiss"]
[EventRounds "9"]
[EventCountry "RUS"]
[SourceTitle "EXT 2012"]
[Source "ChessBase"]
[SourceDate "2011.11.24"]
[SourceVersion "1"]
[SourceVersionDate "2011.11.24"]
[SourceQuality "1"]

1. Nf3 g6 2. d4 Bg7 3. c4 Nf6 4. Nc3 d6 5. e4 Bg4 6. Be2 0-0 7. 0-0 Bxf3 8. Bxf3 e5 9. dxe5 dxe5 10. Qxd8 Rxd8 11. Bg5 c6 12. Rfd1 Na6 13. Be3 b6 14. Rxd8+ Rxd8 15. Rd1 Rxd1+ 16. Bxd1 Nd7 17. Ba4 Ndb8 18. a3 Nc7 19. c5 b5 20. Bb3 Nd7 21. Ba2 a5 22. b4 axb4 23. axb4 Na6 24. Nxb5 cxb5 25. c6 Ndb8 26. Bd5 Bf8 27. f4 Bd6 28. fxe5 Bxe5 29. Bb6 Bc7 30. Bd4 Nxb4 31. Bc3 N8xc6 32. e5 Nxe5 0-1

[Event "Moscow op-B"]
[Site "Moscow"]
[Date "2009.02.03"]
[Round "4"]
[White "Uteshev, Arsen"]
[Black "Levashov, Michael"]
[Result "0-1"]
[WhiteElo "2141"]
[BlackElo "1952"]
[PlyCount "68"]
[EventDate "2009.01.31"]
[EventType "swiss"]
[EventRounds "9"]
[EventCountry "RUS"]
[SourceTitle "EXT 2012"]
[Source "ChessBase"]
[SourceDate "2011.11.24"]
[SourceVersion "1"]
[SourceVersionDate "2011.11.24"]
[SourceQuality "1"]

1. d4 Nf6 2. Nf3 e6 3. c4 b6 4. g3 Bb7 5. Bg2 Be7 6. 0-0 0-0 7. b3 c5 8. Bb2 cxd4 9. Nxd4 Bxg2 10. Kxg2 d5 11. Nd2 dxc4 12. Nxc4 Qd5+ 13. f3 Nbd7 14. e4 Qb7 15. Rf2 a6 16. Rc1 Rac8 17. Rfc2 Rfd8 18. Qe2 Rc7 19. a3 Rdc8 20. b4 b5 21. Na5 Rxc2 22. Rxc2 Qa8 23. Ndc6 Bf8 24. Bd4 Re8 25. Qe3 e5 26. Bb2 Bd6 27. Qd3 Bc7 28. Ne7+ Rxe7 29. Rxc7 Re8 30. Nc6 h6 31. Qd6 Re6 32. Qd3 Rxc6 33. Rxc6 Qxc6 34. Bc3 Qc4 0-1

[Event "Moscow op-B 04th"]
[Site "Moscow"]
[Date "2008.02.09"]
[Round "8"]
[White "Rosanov, Lev I"]
[Black "Levashov, Michael"]
[Result "1-0"]
[WhiteElo "2145"]
[BlackElo "1934"]
[PlyCount "73"]
[EventDate "2008.02.02"]
[EventType "swiss"]
[EventRounds "9"]
[EventCountry "RUS"]
[SourceTitle "CBM 122 Extra"]
[Source "ChessBase"]
[SourceDate "2008.03.04"]
[SourceVersion "1"]
[SourceVersionDate "2008.03.04"]
[SourceQuality "1"]

1. e4 c6 2. d4 d5 3. e5 Bf5 4. Nf3 e6 5. a3 c5 6. c4 Bxb1 7. Rxb1 Nc6 8. Qa4 a6 9. Bg5 Be7 10. Bxe7 Ngxe7 11. dxc5 dxc4 12. Bxc4 0-0 13. 0-0 Ng6 14. Rfd1 Qc7 15. Be2 Ngxe5 16. b4 Rad8 17. Qb3 Nxf3+ 18. Bxf3 Nd4 19. Qe3 Nxf3+ 20. Qxf3 h6 21. g3 Rfe8 22. a4 e5 23. Qe4 g6 24. Rd6 Rxd6 25. cxd6 Qxd6 26. Qxb7 Qd3 27. Rc1 e4 28. Qc6 Re6 29. Qc3 Rd6 30. Qe5 Rd8 31. Re1 Rd4 32. Rc1 Rd8 33. b5 axb5 34. axb5 Qd2 35. Rc3 Qd1+ 36. Kg2 Qb1 37. Re3 1-0